000 00440nam a2200157Ia 4500
008 240729s9999 xx 000 0 und d
022 _a2543-3474
245 0 _aAKCE International Journal of Graphs and Combinatorics
260 _aUnited States
260 _bTaylor & Francis Group
650 _a Mathematics
650 _aScience
856 _uhttps://doaj.org/toc/63db2170373f40c7bd27e0f50ce812f1
942 _2ddc
942 _cDOAJEJ
999 _c69164
_d69164
945 _a1
_bMadushi Gamage
_c1
_dMadushi Gamage